000 01362naa a22003377a 4500
001 BR9212459
003 BR-BrBNA
005 20240918181644.0
007 ta
008 230509b bl.||||| |||| 00| 0 por d
040 _aBR-BrBNA
_bpor
_cBiblioteca Nacional de Agricultura
041 _a(Pt)
072 _aL74
_b5212
_b3373
090 _aL74 BR9212459
100 1 _aBenesi, F.J.
100 1 _aSakamoto, M.
100 1 _aBirgel Junior, E.H.
100 1 _aBirgel, E.H.
100 1 _aSilva, J.A.P. da
111 1 _a16. Congresso Mundial de Buiatria; 6. Congresso Latino Americano de Buiatria
_cSalvador, BA (Brazil)
_d13-17 Aug 1990
245 1 _aAvaliacao de um surto de intoxicacao aguda causado pela ingestao de samambaia (Peteridium aquilinum, L. Kuhn)em bovinos criados em Paraibuna/Sao Paulo - aspectos clinico-hematologicos
260 3 _aSalvador, BA (Brasil):
_c1990.
500 _a16. Congresso Mundial de Buiatria; 6. Congresso Latino Americano de Buiatria Salvador, BA (Brasil): 1990. p. 646-650 (BR9212459-AM)L74
650 _aBovino
650 _aSamambaia
650 _aIntoxicacao Animal
650 _aSao Paulo
773 0 _t16. Congresso Mundial de Buiatria; 6. Congresso Latino Americano de Buiatria
_b
_wL74 BR9212459
_gSalvador, BA (Brasil), 1990. p. 646-650
909 _a202404
_bLucia
_c55
_dLucia Elande
942 _cAM
_2AGRIS
999 _c326234
_d326234